|
|
|
|
| LEADER |
00982ncm a22002652a 4500 |
| 001 |
001282788 |
| 003 |
CZ BrMZK |
| 005 |
20150610130812.0 |
| 007 |
qu |
| 008 |
130307s1931 au |||||||||||||||||zxx d |
| 040 |
|
|
|a BOA001
|b cze
|
| 044 |
|
|
|a au
|a gw
|
| 072 |
|
7 |
|a 787
|x Hudba pro strunné a smyčcové nástroje
|2 Konspekt
|9 9
|
| 100 |
1 |
|
|a Szymanowski, Karol,
|d 1882-1937
|7 jn19990008398
|4 cmp
|
| 245 |
1 |
0 |
|a Compositions pour violon et piano.
|p Chanson polonaise
|h [hudebnina] /
|c Karol Szymanowski ; transcriptions par Paul Kochański
|
| 246 |
3 |
0 |
|a Chanson polonaise
|
| 260 |
|
|
|a Wien ;
|a Leipzig:
|b Universal-Edition A.G.,
|c c1931
|
| 300 |
|
|
|a 1 partitura (4 s.) + 1 hlas
|
| 490 |
1 |
|
|a Universal-Edition ;
|v Nr. 5298
|
| 700 |
1 |
|
|a Kochański, Paweł,
|d 1887-1934
|7 jn20000603456
|4 adp
|
| 830 |
|
0 |
|a Universal-Edition
|
| 910 |
|
|
|a BOA001
|b Mus4-0200.475
|
| 990 |
|
|
|a MU
|
| 991 |
|
|
|b 201303
|
| 996 |
6 |
|
|b 2619525385
|c Mus4-0200.475
|l MZK
|r Sklad / do 1 hodiny
|n 0
|w 001317069
|u 000010
|a 1
|e BOA001
|j MZK50
|s P
|